| 000 | 00876nam a2200253Ia 4500 | ||
|---|---|---|---|
| 003 | OSt | ||
| 005 | 20220923211434.0 | ||
| 006 | a|||||r|||| 00| 0 | ||
| 007 | ta | ||
| 008 | 220922b |||||||| |||| 00| 0 hin d | ||
| 020 |
_a9789350001967 (hbk) _c400 |
||
| 024 | _a242,241 | ||
| 037 |
_b487, 03/03/2010, Vani Prakashan _cTextual |
||
| 040 |
_aARTS _cARTS _bhin |
||
| 041 |
_2hin _ahin |
||
| 082 | _aO42,1x, 152Q0 | ||
| 100 |
_aबुद्धिराजा, राज, संपा. _9160504 |
||
| 245 | 0 | _aमोमिजि के रंग | |
| 246 | _aMomiji ke ranga | ||
| 260 |
_aनयी दिल्ली _b वाणी प्रकाशन _c2010 |
||
| 300 |
_a2557पृ. _ccm. |
||
| 942 |
_hO42,1x, 152Q0 _cTEXL _2CC |
||
| 999 |
_c299526 _d299526 |
||